Прошлое и настоящее Костромского края (Запись № 10115650)

Подробности
000 -МАРКЕР
контрольное поле 02339nam0a22005291 4500
001 - ИДЕНТИФИКАТОР ЗАПИСИ
контрольное поле RU\NLR\A1SV\104600
005 - ИДЕНТИФИКАТОР ВЕРСИИ
контрольное поле 20260123095106.0
035 ## - ДРУГИЕ СИСТЕМНЫЕ НОМЕРА
Идентификатор записи (NLR Aleph) 009785953
100 ## - ДАННЫЕ ОБЩЕЙ ОБРАБОТКИ
Данные общей обработки 20100617d1926 u y0rusy50 ca
101 0# - ЯЗЫК РЕСУРСА
Язык текста, звукозаписи и т.д. русский
102 ## - СТРАНА ПУБЛИКАЦИИ ИЛИ ПРОИЗВОДСТВА
Страна публикации Российская Федерация
200 1# - ЗАГЛАВИЕ И СВЕДЕНИЯ ОБ ОТВЕТСТВЕННОСТИ
Основное заглавие Прошлое и настоящее Костромского края
Сведения, относящиеся к заглавию [Сб. ст.]
Первые сведения об ответственности [Костром. губ. испол. ком
Последующие сведения об ответственности Предисл.: И.Чернядьев]
210 ## - ПУБЛИКАЦИЯ, РАСПРОСТРАНЕНИЕ И ДР.
Место издания, распространения и т.д. Кострома
Имя издателя, распространителя и т. д. Типолит. "Север. правда"
Дата издания, распространения и т.д. 1926
215 ## - ФИЗИЧЕСКАЯ ХАРАКТЕРИСТИКА
Специфическое обозначение материала и объем [4], 427, [3] с.
Размеры 17 см
300 ## - ОБЩИЕ ПРИМЕЧАНИЯ
Текст примечания Коллектив указан на обл.
300 ## - ОБЩИЕ ПРИМЕЧАНИЯ
Текст примечания Из предисл.: Общая ред. принадлежит коллегии, в состав которой вошли т.т. А.В. Высоцкий, Е.Ф.Дюбюк, П.В.Калачев [и др.]
327 0# - ПРИМЕЧАНИЯ О СОДЕРЖАНИИ
Текст примечания Авт.: А.Рождественский, Г.Г.Еремин, М.Вейденбаум, И.Ожогин, А.Шуммер, В.Смирнов, Ф.Рязановский, А.Высоцкий, А.Ковальковский, Е.Дюбюк и др.
620 ## - МЕСТО И ДАТА ПУБЛИКАЦИИ, ИСПОЛНЕНИЯ И Т. Д.
Город Кострома
702 #1 - ИМЯ ЛИЦА - ВТОРИЧНАЯ ОТВЕТСТВЕННОСТЬ
Начальный элемент ввода Чернядьев
Часть имени, кроме начального элемента ввода Н.
702 #1 - ИМЯ ЛИЦА - ВТОРИЧНАЯ ОТВЕТСТВЕННОСТЬ
Начальный элемент ввода Калачев
Часть имени, кроме начального элемента ввода П.В.
702 #1 - ИМЯ ЛИЦА - ВТОРИЧНАЯ ОТВЕТСТВЕННОСТЬ
Начальный элемент ввода Высоцкий
Часть имени, кроме начального элемента ввода А.В.
Даты 1897-
Расширение инициалов личного имени Анатолий Васильевич
702 #1 - ИМЯ ЛИЦА - ВТОРИЧНАЯ ОТВЕТСТВЕННОСТЬ
Начальный элемент ввода Рождественский
Часть имени, кроме начального элемента ввода А.
702 #1 - ИМЯ ЛИЦА - ВТОРИЧНАЯ ОТВЕТСТВЕННОСТЬ
Начальный элемент ввода Еремин
Часть имени, кроме начального элемента ввода Г.Г.
Даты 1892-
Расширение инициалов личного имени Геннадий Геннадиевич
702 #1 - ИМЯ ЛИЦА - ВТОРИЧНАЯ ОТВЕТСТВЕННОСТЬ
Начальный элемент ввода Вейденбаум
Часть имени, кроме начального элемента ввода М.А.
Даты 1880-
Расширение инициалов личного имени Максимилиан Адольфович
702 #1 - ИМЯ ЛИЦА - ВТОРИЧНАЯ ОТВЕТСТВЕННОСТЬ
Начальный элемент ввода Ожогин
Часть имени, кроме начального элемента ввода И.
702 #1 - ИМЯ ЛИЦА - ВТОРИЧНАЯ ОТВЕТСТВЕННОСТЬ
Начальный элемент ввода Шуммер
Часть имени, кроме начального элемента ввода А.А.
Даты 1875-
Расширение инициалов личного имени Александр Алексеевич
702 #1 - ИМЯ ЛИЦА - ВТОРИЧНАЯ ОТВЕТСТВЕННОСТЬ
Начальный элемент ввода Смирнов
Часть имени, кроме начального элемента ввода В.
702 #1 - ИМЯ ЛИЦА - ВТОРИЧНАЯ ОТВЕТСТВЕННОСТЬ
Начальный элемент ввода Рязановский
Часть имени, кроме начального элемента ввода Ф.А.
Даты 1887-1935/6
Расширение инициалов личного имени Федор Алексеевич
702 #1 - ИМЯ ЛИЦА - ВТОРИЧНАЯ ОТВЕТСТВЕННОСТЬ
Начальный элемент ввода Ковальклвский
Часть имени, кроме начального элемента ввода А.
702 #1 - ИМЯ ЛИЦА - ВТОРИЧНАЯ ОТВЕТСТВЕННОСТЬ
Начальный элемент ввода Дюбюк
Часть имени, кроме начального элемента ввода Е.Ф.
Даты 1876-1942
Расширение инициалов личного имени Евгений Федорович
801 #0 - ИСТОЧНИК ЗАПИСИ
Страна Российская Федерация
Организация NLR
Дата составления 20100617
852 ## - МЕСТОНАХОЖДЕНИЕ И ШИФР ХРАНЕНИЯ
Идентификатор организации NLR
Шифр хранения (Call Number) 18.391.8.16
852 ## - МЕСТОНАХОЖДЕНИЕ И ШИФР ХРАНЕНИЯ
Идентификатор организации NLR
Шифр хранения (Call Number) 50/146
899 ## - ДАННЫЕ О МЕСТОНАХОЖДЕНИИ (устаревшее)
Местонахождение ВладОУНБ
899 ## - ДАННЫЕ О МЕСТОНАХОЖДЕНИИ (устаревшее)
Местонахождение КирОУНБ
899 ## - ДАННЫЕ О МЕСТОНАХОЖДЕНИИ (устаревшее)
Местонахождение ГИМ
899 ## - ДАННЫЕ О МЕСТОНАХОЖДЕНИИ (устаревшее)
Местонахождение ГПИБ
899 ## - ДАННЫЕ О МЕСТОНАХОЖДЕНИИ (устаревшее)
Местонахождение ЯИАМЗ
899 ## - ДАННЫЕ О МЕСТОНАХОЖДЕНИИ (устаревшее)
Местонахождение РГБ
899 ## - ДАННЫЕ О МЕСТОНАХОЖДЕНИИ (устаревшее)
Местонахождение СПбГУ
899 ## - ДАННЫЕ О МЕСТОНАХОЖДЕНИИ (устаревшее)
Местонахождение МГУ
899 ## - ДАННЫЕ О МЕСТОНАХОЖДЕНИИ (устаревшее)
Местонахождение КостОУНБ
942 ## - ДОПОЛНИТЕЛЬНЫЕ ЭЛЕМЕНТЫ ЗАПИСИ (АБИС)
Тип экземпляра АБИС Книга
980 ## - КОЛЛЕКЦИЯ
Название коллекции Международный сводный каталог русской книги (1918-1926)
980 ## - КОЛЛЕКЦИЯ
Название коллекции Национальная библиография
Экземпляры
Тип экземпляра Дата поступления Библиотека постоянного хранения Библиотека текущего хранения Место хранения Шифр хранения Штрих-код Статус экземпляра
Книга 13.05.2016 РНБ (Садовая) РНБ (Садовая) Русский книжный фонд -Главное здание, Ленинский читальный зал 18.391.8.16 9785953-10